[Event "NH Chess Tournament"]
[Site "Amsterdam "]
[Date "2006.08.29"]
[Round "10"]
[White "Jussupow, Arthur"]
[Black "Smeets, Jan"]
[Result "0-1"]
[WhiteElo "2617"]
[BlackElo "2532"]
[PlyCount "92"]
[EventDate "2006.08.19"]
[EventType "schev"]
[EventRounds "10"]

1. d4 d5 2. c4 c6 3. Nf3 Nf6 4. Nc3 e6 5. e3 Nbd7 6. Bd3 dxc4 7. Bxc4 b5 8. Bd3
Bb7 9. O-O a6 10. e4 {D48: Damengambit (Meraner Variante)} c5 11. d5 c4 12. Bc2
Qc7 13. Qe2 Bd6 14. Bg5 O-O $146 (14... O-O-O 15. Rad1 h6 16. Bxf6 gxf6 17. a4
b4 18. Rd4 Bc5 19. dxe6 fxe6 20. Rxc4 Nb6 21. Rxc5 Qxc5 22. Na2 Kb8 23. Bb3 e5
24. Rc1 Qa5 25. Qe1 Rc8 26. Ra1 Rhd8 27. Nxb4 Ka8 28. Be6 Rc7 29. b3 {
Karpov,A (2780)-Illescas Cordoba,M (2595)/Linares 1995/1/2-1/2}) 15. Bxf6 gxf6
(15... Nxf6 $143 16. e5 Bxe5 17. Nxe5 exd5 18. Rad1 $16) 16. Nd4 Bxh2+ 17. Kh1
Be5 18. dxe6 Bxd4 19. exd7 Bxc3 20. Qg4+ Kh8 21. bxc3 Rg8 22. Qf5 (22. Qh4 $5
Rg6 23. Rfd1 $11) 22... Rg6 $15 23. g3 Rd8 24. Rad1 Qe5 25. Qxe5 fxe5 26. f4 (
26. a4 $5 $15) 26... Rxg3 27. fxe5 Kg7 28. e6 (28. Rg1 $5 Rg6 29. Rg2 $17)
28... fxe6 $19 29. Kh2 Rg6 30. Rd2 (30. Rf2 $5 Rf6 31. Rfd2 Kf8 $19) 30... Bc6
$19 31. e5 Rh6+ (31... Rg5 32. Rd6 Rg2+ 33. Kh1 Rxc2+ 34. Rxc6 Rxd7 35. Rxa6
Rxc3 36. Rxe6 $19) 32. Kg3 $17 Bd5 (32... Rxd7 33. Rxd7+ Bxd7 34. Rd1 $17) 33.
Rxd5 $2 (33. Rd4 $142 Rh1 34. Rxh1 Bxh1 35. Rh4 $11) 33... exd5 $19 34. Bf5 Kf7
35. Rd1 Rg8+ (35... Ke7 36. Rxd5 Rh1 37. Kf4 $19) 36. Kf3 (36. Kf4 $142 $5 $17)
36... Ke7 37. Rxd5 Rh1 (37... Rh5 38. Ke4 Rf8 39. d8=Q+ Rxd8 40. Rc5 $19) 38.
Ke2 (38. Rd6 $5 Rf8 39. d8=B+ Rxd8 40. Rxa6 Rf1+ 41. Ke4 $19) 38... Rh5 39. Bg4
Rhg5 40. Bh3 h5 41. Rc5 h4 42. Kd2 (42. Kf2 Rf8+ 43. Ke2 Rg3 $19) 42... Rg3 43.
Bf5 (43. Rc8 Rd8 (43... Rxh3 $6 44. Rxg8 Kxd7 45. Ra8 $19) 44. Bf5 Rf3 $19 (
44... Rxd7+ $6 45. Bxd7 Kxd7 46. Rh8 $19)) 43... Rf3 (43... h3 $142 44. Rc6 h2
45. Rh6 $19) 44. e6 h3 45. Rc8 (45. Be4 Rf6 46. Rh5 Rxe6 47. Bb7 Rd6+ 48. Ke2
$19) 45... Rd8 46. Be4 Rf6 (46... Rf6 47. Bd5 h2 $19) 0-1

[Event "NH Chess Tournament "]
[Site "Amsterdam"]
[Date "2006.08.28"]
[Round "9"]
[White "Carlsen, Magnus"]
[Black "Beliavsky, Alexander"]
[Result "0-1"]
[WhiteElo "2675"]
[BlackElo "2625"]
[PlyCount "112"]
[EventDate "2006.08.28"]

1. e4 e5 2. Nf3 Nc6 3. Bb5 a6 4. Ba4 Nf6 5. O-O Be7 6. d3 {
C84: Spanische Partie (Mittelgambit)} d6 7. c3 O-O 8. Nbd2 Nd7 $146 (8... b5 9.
Bc2 Bb7 10. Re1 Re8 11. Nf1 Bf8 12. Bg5 h6 13. Bh4 Nb8 14. Ne3 Nbd7 15. a4 g6
16. b4 Bg7 17. Bb3 c6 18. g4 Qc8 19. g5 Nh7 20. gxh6 Bxh6 21. Kh1 Ndf6 22. Rg1
Kf8 23. Ng5 {Carlsen,M (2675)-Bruzon,L (2667)/Biel  2006/1-0}) 9. Bc2 Bf6 10.
Nc4 Ne7 11. Ne3 g6 12. d4 Bg7 13. dxe5 Nxe5 14. Nxe5 dxe5 15. Bb3 Bd7 16. Ng4
Kh8 17. Nh6 Be8 18. Qf3 (18. Bg5 $5 f6 19. Be3 $14) 18... Nc8 $11 19. Qg3 (19.
Nxf7+ $2 Bxf7 20. Qe2 Nd6 $19) 19... Nd6 20. Re1 Bc6 21. f3 Qe7 22. Ng4 Rae8
23. Ne3 f5 24. Nd5 Qd7 25. Qh4 fxe4 26. fxe4 Bxd5 27. Bxd5 Bf6 28. Qg3 c6 29.
Bb3 Bd8 30. Qd3 Bb6+ 31. Kh1 (31. Be3 $5 Bxe3+ 32. Rxe3 $11) 31... Qg4 $15 32.
Be3 (32. Qxd6 $4 Rf2 33. Qf6+ Rxf6 $19) 32... Bxe3 33. Qxe3 Rf4 34. Bd1 Qg5 35.
Qd3 $2 (35. Be2 $142 $5 Ref8 36. Rad1 $15) 35... Rf2 (35... Nxe4 $142 $5 36.
Kg1 Rd8 $19) 36. Bf3 $17 Rd2 37. Qf1 Rxb2 38. Rad1 Rd8 39. c4 Kg7 40. Qd3 (40.
Rd3 $5 Nf7 $19 (40... Rxa2 $143 41. Red1 Qe7 42. c5 $17)) 40... Nf7 41. Qa3
Rdd2 42. Rxd2 Qxd2 43. Rd1 Rxa2 44. Qe7 Qc3 45. h4 Ra1 (45... Qxc4 $6 46. h5
$15) 46. Rxa1 Qxa1+ 47. Kh2 b5 48. c5 (48. cxb5 cxb5 49. Bg4 Qf1 $19) 48... Qc1
49. h5 (49. Bg4 Qf4+ 50. Kh3 h5 $19 (50... Qxe4 $6 51. Be6 Qe3+ 52. Kh2 Qf4+
53. Kg1 $19)) 49... b4 50. Bg4 (50. Qb7 Qf4+ (50... Qxc5 $143 51. Bd1 $19) 51.
Kg1 a5 $19) 50... Qf4+ 51. Kh3 Kh6 (51... Qxe4 $6 52. h6+ Kxh6 53. Qf8+ Kg5 54.
Qe7+ Kf4 55. Qxf7+ Ke3 56. Qf1 $15) 52. Qf8+ Kg5 53. Qe7+ Qf6 54. Qd7 (54. Qb7
a5 $19 (54... gxh5 $143 55. Bf5 Nh6 56. Bc8 $19)) 54... Kh6 (54... gxh5 $6 55.
Bf5 Kh6 56. Kh2 $19) 55. hxg6 hxg6 (55... Kxg6 $6 56. Kh2 Qh4+ 57. Kg1 Qe1+ 58.
Kh2 Qxe4 59. Bh5+ Kxh5 60. Qxf7+ Qg6 61. Qf1 $19) (55... Qxg6 $6 56. Bf5 Qf6
57. Kh2 $19) 56. Qd2+ Qf4 (56... Qf4 57. Qxf4+ exf4 $19) (56... Ng5+ 57. Kg3
Kg7 58. Qe3 $19) 0-1

[Event "China-Russland"]
[Site "Ergun"]
[Date "2006.08.17"]
[Round "7"]
[White "Jakovenko, D."]
[Black "Bu Xiangzhi"]
[Result "1-0"]
[WhiteElo "2667"]
[BlackElo "2664"]
[PlyCount "73"]
[EventDate "2006.08.10"]
[EventType "schev"]
[EventRounds "10"]
[EventCountry "CHN"]

1. e4 c5 2. Nf3 d6 3. d4 cxd4 4. Nxd4 Nf6 5. Nc3 a6 {
B90: Sizilianisch (Najdorf-Variante)} 6. Be3 e5 7. Nf3 Qc7 8. a4 Be7 9. a5 O-O
10. Be2 Be6 (10... Nc6 11. Bb6 Qd7 12. Nd2 d5 13. Nxd5 Nxd5 14. exd5 Qxd5 15.
O-O Bf5 16. Nc4 Nd4 17. Bd3 Bxd3 18. Qxd3 Bc5 19. Rfe1 Rae8 20. Ne3 Qd6 21.
Bxc5 Qxc5 22. c3 Ne6 23. b4 Nf4 24. Qc4 Qd6 25. Qe4 {
Harikrishna,P (2645)-Volokitin,A (2671)/Lausanne 2005/1/2-1/2}) (10... Nbd7 11.
O-O Nc5 12. Nd2 Be6 13. Bg5 Ncd7 14. Re1 h6 15. Bxf6 Nxf6 16. Nf1 b5 17. Ne3
Rac8 18. Bd3 g6 19. Qd2 Kg7 20. Na2 Qb7 21. Nb4 Rfd8 22. Ned5 Nxd5 23. exd5 Bg5
24. Qd1 Bxd5 25. Bxb5 {Ramesh,R (2507)-Sadvakasov,D (2619)/Dubai  2006/0-1})
11. O-O Nbd7 12. Ng5 Qc6 $146 (12... Rad8 13. Qb1 Nc5 14. b4 Ncd7 15. Nxe6 fxe6
16. Qb3 Kh8 17. Rfd1 Qc6 18. f3 Ng8 19. Na4 Rf6 20. c4 Rg6 21. Nb6 Ngf6 22.
Rab1 Nxb6 23. b5 Qc8 24. bxa6 bxa6 25. axb6 Qb7 26. c5 dxc5 27. Rxd8+ {
Perez Candelario,M (2504)-Karjakin,S (2645)/Gothenburg 2005/1-0}) (12... Bc4
13. Ra4 Bxe2 14. Qxe2 Rfc8 15. Nf3 Qc6 16. Rd1 Bf8 17. h3 h6 18. Qd3 Be7 19.
Rda1 Nc5 20. Bxc5 Qxc5 21. Nd2 Rc6 22. Nc4 Bd8 23. Rd1 Rb8 24. Nd5 Nxd5 25.
Qxd5 Bc7 26. Ne3 Qxd5 27. Rxd5 {
Huebner,R (2600)-Portisch,L (2655)/Abano Therme 1980/1/2-1/2}) 13. Qb1 d5 14.
Nxd5 Nxd5 15. exd5 (15. Nxe6 Nxe3 (15... Qxe6 $143 16. Bc4 $16) (15... fxe6 $6
16. exd5 exd5 17. Qa2 $15) 16. Nxf8 Nxf1 (16... Qxe4 $2 17. Bf3 (17. fxe3 $6
Qxe3+ 18. Kh1 Rxf8 $16) 17... Qf4 18. Nxd7 Nxf1 19. Qxf1 $18 (19. Kxf1 $6 e4
20. Bxe4 Qxe4 $16)) 17. Nxd7 Nd2 18. Nxe5 Qxe4 $11) 15... Bxd5 (15... Qxd5 $4
16. c4 (16. Nxe6 $6 Qxe6 17. c3 Bc5 $11) 16... Qxg2+ 17. Kxg2 Bxg5 18. Bxg5 $18
) 16. c4 Bxg5 17. cxd5 Qh6 18. Bxg5 Qxg5 19. Qc1 Qd8 20. d6 Nf6 21. Qc7 Qxc7
22. dxc7 Rac8 (22... Rfc8 23. Rfc1 Ne8 24. Bf3 Rxc7 25. Rxc7 Nxc7 26. Rc1 $16 (
26. Bxb7 $6 Rb8 27. Be4 Kf8 $11)) 23. Rfc1 Rfe8 24. Ra3 Re7 25. Rb3 Rcxc7 (
25... Ne8 $5 26. Rxb7 Rexc7 27. Rcxc7 Nxc7 $18) 26. Rxc7 $18 Rxc7 27. Bxa6 g6 (
27... Kf8 28. Rxb7 Rc1+ 29. Bf1 $18) 28. Rxb7 Rc2 $2 (28... Rc1+ 29. Bf1 Ra1
$18) 29. Bf1 Kg7 (29... Rc1 30. a6 Ra1 31. f3 $18) 30. a6 Rc1 31. g3 e4 (31...
Ne4 32. Kg2 $18) 32. Rb3 (32. Kg2 $5 e3 33. fxe3 Ne4 $18) 32... Rc7 (32... Ra1
33. f3 $18) 33. Ra3 Ra7 34. b4 Nd5 (34... Nd7 35. b5 $18) 35. b5 Kf6 (35... Rd7
36. a7 Nb6 37. a8=Q Nxa8 38. Rxa8 $18) 36. Rb3 Nb6 37. Rc3 (37. Rc3 Ke7 38. Rc6
$18) 1-0

[Event "Sparkassen"]
[Site "Dortmund "]
[Date "2006.08.06"]
[Round "7"]
[White "Gelfand, B."]
[Black "Aronian, L."]
[Result "1-0"]
[WhiteElo "2729"]
[BlackElo "2761"]
[PlyCount "65"]
[EventDate "2006.07.29"]
[EventType "tourn"]
[EventRounds "7"]
[EventCountry "GER"]
[EventCategory "19"]

1. d4 Nf6 2. c4 e6 3. Nf3 b6 {E15: Damenindisch} 4. g3 Ba6 5. Qc2 Bb7 6. Bg2 c5
7. d5 exd5 8. cxd5 Bxd5 9. Nc3 Bc6 $146 (9... Bxf3 10. Bxf3 Nc6 11. Qa4 Rc8 12.
Bf4 Be7 13. O-O-O O-O 14. Kb1 Nd4 15. Bb7 b5 16. Qxa7 b4 17. Na4 Rc7 18. e3 Ne6
19. Bxc7 Qxc7 20. Qb6 Qe5 21. Qa6 d5 22. f4 Qxe3 23. Rhe1 Qf3 24. Qd3 {
Vallejo Pons,F (2666)-Macieja,B (2584)/Turin  2006/1-0}) 10. e4 (10. O-O Bd6
$14) 10... Be7 11. Bf4 O-O 12. O-O-O Na6 13. Qe2 Nb4 (13... Bb7 $5 $15) 14. a3
$14 Qc8 15. Kb1 (15. axb4 $143 cxb4 16. e5 Ne8 $19) 15... a5 (15... Na6 16. Ne5
Nc7 17. Nxc6 dxc6 18. Rhe1 $11) 16. Ne5 Re8 17. Rhe1 Bf8 (17... d6 18. Nc4 Qb7
19. Bxd6 $16) 18. g4 (18. Qc4 d6 19. Qxf7+ Kh8 20. Nxc6 Nxc6 $16) 18... g6 19.
Bg3 Re6 (19... Na6 $5 $16) 20. f4 d6 21. Nxc6 (21. Nc4 $5 Nxe4 22. Nxe4 Bxe4+
23. Bxe4 d5 $16) 21... Nxc6 $16 22. Nb5 Ne8 23. e5 dxe5 24. Bd5 a4 (24... e4
25. Bh4 $16) 25. fxe5 $16 Ng7 $2 (25... Nc7 $142 26. Nxc7 Qxc7 27. Bxe6 fxe6
$16) 26. Qf3 $18 (26. Bxe6 $6 Nxe6 27. Nd6 Qd7 $16) 26... Rb8 27. Nd6 (27. Bxe6
$6 Nxe6 28. Rf1 Qb7 $16) 27... Bxd6 28. exd6 (28. Bxc6 $6 Bf8 29. Bd7 Qb7 30.
Qxb7 Rxb7 31. Bxe6 Nxe6 $16) 28... Nd4 29. Rxd4 (29. Bxe6 $6 Ngxe6 (29... Nxf3
$4 30. Bxc8 Rxc8 31. d7 $18) 30. Qf6 Qd8 $18) 29... Rxe1+ 30. Bxe1 cxd4 31.
Qxf7+ Kh8 32. d7 Qc5 (32... Qf8 33. Qxf8+ Rxf8 $18) 33. Bb4 (33. Bb4 Qxb4 (
33... Qb5 34. Bf8 Qd3+ 35. Ka2 $18) 34. axb4 d3 35. Qf6 d2 36. d8=Q+ Rxd8 37.
Qxd8+ Ne8 38. Qxe8+ Kg7 39. Qe5+ Kh6 40. g5+ Kh5 41. Bf3+ Kh4 42. Qg3#) 1-0

[Event "GMT Biel"]
[Site "?"]
[Date "2006.08.02"]
[Round "9"]
[White "Morozevich, Alexander"]
[Black "Pelletier, Yannick"]
[Result "1-0"]
[WhiteElo "2731"]
[BlackElo "2583"]
[PlyCount "67"]
[EventDate "2006.??.??"]

1. e4 e6 2. d4 d5 3. Nc3 dxe4 {
C10: Französische Verteidigung (Rubinstein-Variante)} 4. Nxe4 Nd7 5. Bd3 Ngf6
6. Nxf6+ $146 (6. Qe2 c5 (6... Nxe4 7. Bxe4 Nf6 8. Bxb7 Bxb7 9. Qb5+ Qd7 10.
Qxb7 Qd5 11. Qxd5 exd5 12. Bf4 Bd6 13. Bxd6 cxd6 14. Ne2 Kd7 15. f3 Rab8 16. b3
Rhc8 17. Kd2 Re8 18. Rae1 Re7 19. Nf4 Rxe1 20. Rxe1 Re8 21. Rxe8 {
Carlsen,M (2646)-Hobber,A (1926)/Tromso NOR 2006/1-0}) 7. Nxf6+ (7. Nf3 cxd4 (
7... Nxe4 8. Bxe4 Nf6 9. Bg5 Qa5+ 10. Bd2 Qb6 11. d5 Nxe4 12. Qxe4 Be7 13. Bc3
O-O 14. O-O-O Re8 15. Qf4 exd5 16. Rxd5 Qg6 17. Ne5 Qe6 18. Rhd1 b5 19. Nf3 Qg4
20. Qxg4 Bxg4 21. Re5 b4 22. Bd2 {
Almasi,Z (2640)-Milov,V (2652)/Bastia FRA 2005/1/2-1/2}) 8. O-O Nxe4 9. Bxe4
Nc5 10. Rd1 Be7 11. Nxd4 Nxe4 12. Qxe4 O-O 13. Bf4 Qb6 14. a4 Bd7 15. a5 Qa6
16. c4 Qxc4 17. Qxb7 Qc8 18. a6 Qe8 19. Nf5 exf5 20. Rxd7 Bc5 21. Rc1 Qe2 {
Anand,V (2788)-Milov,V (2652)/Bastia FRA 2005/0-1}) 7... Nxf6 8. dxc5 Bxc5 9.
Bg5 (9. Bd2 O-O 10. O-O-O Qd5 11. Kb1 Qxg2 12. Nf3 Qxf2 13. Qe5 Nd7 14. Bxh7+
Kxh7 15. Qh5+ Kg8 16. Rhg1 Be3 17. Bxe3 Qxe3 18. Rg3 Qc5 19. Qh6 {
Morozevich,A (2742)-Van Wely,L (2697)/Wijk aan Zee 2002/1-0}) 9... h6 10. Bb5+
Bd7 11. Bxd7+ Qxd7 12. Bxf6 gxf6 13. Rd1 Qc6 14. Nf3 O-O 15. O-O Rfd8 16. c3 b5
17. Rd3 Rxd3 18. Qxd3 Qb6 19. b4 Bf8 20. Nd4 a6 {
Fedorov,A (2646)-Van Wely,L (2643)/Istanbul 2000/1/2-1/2}) 6... Nxf6 7. Bg5 c5
(7... Qxd4 $4 8. Bb5+ Qd7 9. Bxd7+ Bxd7 10. Nf3 $18) 8. dxc5 Bxc5 9. Nf3 h6 10.
Bh4 O-O 11. Qd2 b6 12. O-O-O Bb7 13. Rhe1 Be7 14. Ne5 Nd5 (14... Bxg2 $4 15. f3
Ne4 16. Rxe4 (16. fxe4 $6 Bxh4 17. Qxg2 Bxe1 18. Rxe1 Rc8 $18) 16... Bxh4 17.
Qxg2 Qg5+ 18. Qxg5 Bxg5+ 19. f4 $18) 15. Bxe7 Qxe7 16. a3 Rad8 17. f4 Nf6 18.
c4 (18. Qe3 Nd5 19. Qf2 Rc8 $11) 18... Qc7 19. b4 (19. Kb1 Be4 20. Qe2 Bxd3+
21. Rxd3 Nd7 $15) 19... Nd7 20. Kb2 Nxe5 21. fxe5 Kh8 22. Qe3 Rd7 (22... Ba6
23. Qe4 g6 $14) 23. g4 $14 Rfd8 24. g5 hxg5 (24... g6 $5 25. gxh6 Kh7 $16) 25.
Qh3+ $18 Kg8 26. Qh7+ Kf8 27. Re3 g4 28. Qh8+ Ke7 29. Qxg7 Bf3 $4 (29... Rd4
$142 30. Bg6 Rf4 31. Rxd8 Qxd8 $18) 30. Bg6 Rf8 (30... Rd2+ 31. Kc3 Rc2+ 32.
Bxc2 Bxd1 $18) 31. Rxd7+ Qxd7 32. Rd3 Qc8 33. Qf6+ Ke8 34. Rd6 (34. Rd6 fxg6
35. Rxe6+ Qxe6 36. Qxe6+ Kd8 37. Qd6+ Ke8 38. e6 $18) 1-0

[Event "GMT Biel"]
[Site "?"]
[Date "2006.07.25"]
[Round "2"]
[White "Carlsen, Magnus"]
[Black "Morozevich, Alexander"]
[Result "1-0"]
[WhiteElo "2675"]
[BlackElo "2731"]
[PlyCount "83"]
[EventDate "2006.??.??"]

1. d4 Nf6 2. c4 g6 3. Nc3 Bg7 4. e4 d6 5. Nf3 O-O 6. Be2 e5 7. O-O Nc6 8. d5
Ne7 {E97: Königsindisch (Klassisches System)} 9. a4 (9. Nd2 c5 10. Rb1 Ne8 11.
b4 b6 12. a4 f5 13. a5 Nf6 14. Qa4 Bd7 15. Qa3 Bh6 16. Bd3 Qc7 17. bxc5 bxc5
18. exf5 gxf5 19. Bc2 a6 20. Nde4 Bxc1 21. Nxf6+ Rxf6 22. Rfxc1 Raf8 23. Rb6
Bc8 {Larsen,B (2660)-Fischer,R (2760)/Denver 1971/0-1}) 9... a5 10. b3 $146 (
10. Ne1 Nd7 11. Nd3 (11. Be3 f5 12. f3 Nc5 13. Nd3 b6 14. b4 Nxd3 15. Qxd3 axb4
16. Nb5 Kh8 17. Qb3 Ng8 18. Qxb4 Nf6 19. exf5 gxf5 20. Bg5 h6 21. Bh4 Bd7 22.
Ra3 Qb8 23. Bf2 Rg8 24. Rb1 Nh5 25. Kh1 Qd8 {
Kortschnoj,V (2610)-Kasparov,G (2775)/Barcelona 1989/0-1}) 11... f5 12. exf5
Nxf5 13. Ra3 Nb6 14. b3 c6 15. dxc6 bxc6 16. c5 dxc5 17. Nxc5 Qxd1 18. Rxd1 Nd4
19. Bd3 Bf5 20. Ra2 Bxd3 21. Nxd3 Nd5 22. Nxd5 cxd5 23. Bb2 Nc6 24. Raa1 Rfc8 {
Ftacnik,L (2612)-Nijboer,F (2545)/Hamburg 2005/0-1}) 10... Nd7 11. Ba3 Bh6 12.
b4 axb4 13. Bxb4 f5 14. Nd2 Kh8 15. a5 Rf7 16. Nb5 Nf6 17. c5 dxc5 (17... fxe4
$143 18. Nxc7 dxc5 19. Nxa8 cxb4 20. Nb6 $16) (17... Nxe4 $2 18. Nxe4 fxe4 19.
cxd6 cxd6 20. Nxd6 $18) 18. Bc3 (18. Bxc5 $142 $5 Rg7 19. f3 $16) 18... c6 $15
19. dxc6 bxc6 $4 (19... Nxc6 20. Nc4 Rd7 $15 (20... fxe4 $4 21. Qxd8+ Nxd8 22.
Nb6 $18) (20... Nxe4 $2 21. Nxe5 (21. Bxe5+ $6 Bg7 $14) 21... Kg8 22. Nxf7 Kxf7
23. Bc4+ Kf8 24. Qxd8+ Nxd8 25. Nc7 $18)) 20. Na3 $14 fxe4 21. Nac4 Ned5 22.
Bxe5 Bg7 23. Nd6 Re7 24. N2c4 Be6 (24... Ba6 25. Nb6 Raa7 26. Ndc4 $14) 25. a6
Nb4 26. Qc1 Nd3 (26... Rxa6 $143 27. Rxa6 Nxa6 28. Qa1 $18) 27. Bxd3 exd3 28.
Qc3 (28. Rd1 $142 $5 $16) 28... Bxc4 $11 29. Qxc4 (29. Nxc4 Ne4 30. Qb2 Nd6 31.
Bxg7+ Rxg7 $14) 29... Qg8 (29... Rxe5 $4 30. Nf7+ Kg8 31. Nxd8+ (31. Nxe5+ $6
Qd5 32. Ra5 Ne4 33. Qxd5+ cxd5 34. Nxd3 c4 $18) 31... Rd5 32. Nxc6 $18) 30.
Qxc5 d2 (30... Qd5 31. Qc3 Nh5 (31... Rxe5 $2 32. Qxe5 Qxe5 33. Nf7+ Kg8 34.
Nxe5 $18) (31... Qxe5 $4 32. Nf7+ Rxf7 33. Qxe5 $18) 32. Bxg7+ Rxg7 $15) 31.
Rad1 Rxa6 32. Rxd2 Nd5 33. Bxg7+ Rxg7 34. h3 (34. Re2 $142 $5 Nc7 35. Rfe1 $18)
34... Qe6 $14 35. Rb1 h6 36. Qc4 Rb6 37. Rxb6 Qe1+ 38. Kh2 Nxb6 39. Qf4 Nd5 $4
(39... Kg8 $142 40. Ne4 Nd5 $16) 40. Rxd5 $1 $18 cxd5 (40... cxd5 41. Nf7+ {
Doppelangriff} (41. Qf8+ {Ablenkung})) (40... -- 41. Nf7+ {Mattdrohung}) 41.
Qf8+ Kh7 42. Ne8 (42. Ne8 Qc3 43. Nf6+ Qxf6 44. Qxf6 $18) 1-0

[Event "SEM "]
[Site "Lenzerheide"]
[Date "2006.07.14"]
[Round "2"]
[White "Jenni, Florian"]
[Black "Kortschnoj, Viktor"]
[Result "1-0"]
[WhiteElo "2518"]
[BlackElo "2603"]
[PlyCount "83"]
[EventDate "2006.??.??"]

1. e4 c6 2. d4 d5 3. e5 {B12: Caro-Kann (Vorstoß-Variante)} Bf5 4. c3 e6 5. Be3
Nd7 (5... Qb6 6. Qb3 h5 7. Nd2 Nh6 8. Be2 h4 9. h3 Be7 10. Ngf3 Nd7 11. O-O Bg6
12. Bg5 Nf5 13. Bxe7 Nxe7 14. Qa3 Nf5 15. Rac1 a5 16. Rfe1 Ne7 17. Bd1 Ra7 18.
Bc2 Nf8 19. Ng5 Bxc2 20. Rxc2 {
Shirov,A (2751)-Bareev,E (2709)/Sarajevo 2000//1-0}) 6. Nd2 h5 $146 (6... Qb6
7. b4 f6 8. Nb3 fxe5 9. dxe5 Qc7 10. f4 Nh6 11. Nf3 Be7 12. Be2 O-O 13. O-O b6
14. Nbd4 c5 15. Nxf5 Nxf5 16. Bd2 a5 17. a3 axb4 18. axb4 Qc6 19. Bd3 g6 20. b5
Qb7 21. c4 {Zvjaginsev,V (2645)-Dautov,R (2636)/Essen 2002/1-0}) (6... Ne7 7.
f4 h5 8. Be2 Bg6 9. Ngf3 Nf5 10. Bf2 c5 11. O-O Qb6 12. c4 cxd4 13. cxd5 exd5
14. Nb3 Ne3 15. Bxe3 dxe3 16. Qxd5 O-O-O 17. Rac1+ Kb8 18. Qd4 Bb4 19. Rc4 Bd2
20. Rd1 Rhe8 21. Nfxd2 {Van den Doel,E (2607)-Heller,A/ 2001/1-0}) 7. f4 (7.
Be2 $142 $5 $14) 7... Nh6 $15 8. Ngf3 Ng4 9. Bg1 Be7 10. Be2 Nf8 11. h3 Nh6 12.
g3 Ng6 13. Be3 Be4 14. Nxe4 dxe4 15. Nd2 Nf5 16. Kf2 Bh4 $2 (16... h4 $142 $5
17. g4 Ng3 $14) 17. Nxe4 $18 Bxg3+ (17... Be7 $18) 18. Nxg3 Qh4 19. Qg1 (19.
Rg1 $142 $5 $18) 19... Nxf4 $16 20. Kf3 Nxh3 (20... Nxe3 $2 21. Kxe3 O-O-O 22.
Rf1 Nd5+ 23. Kd2 $18) 21. Nxf5 exf5 22. Rxh3 Qxh3+ 23. Qg3 Qg4+ 24. Kf2 Qe4 25.
Qf4 Qc2 $2 (25... Qxf4+ $142 26. Bxf4 g6 $16) 26. Rg1 O-O-O (26... Qxb2 27.
Rxg7 Qxa2 28. d5 $18) 27. Rxg7 Rd7 28. Rg5 (28. d5 $142 Qe4 29. d6 $18) 28...
Qxb2 29. Qxf5 Qxa2 30. Qf6 (30. c4 $5 Qa3 $18) 30... Rdd8 31. Qf5+ Kb8 32. Rxh5
a5 $2 (32... Ka8 $5 33. Ke1 $16) 33. Qf6 (33. Rxh8 Rxh8 34. e6 Rh2+ 35. Kg3
Rg2+ (35... Rxe2 $4 36. Bf4+ Ka7 37. exf7 Rg2+ 38. Kh4 $18) (35... Qxe2 $4 36.
Bf4+ Ka7 37. Qxa5+ Qa6 38. Qc5+ Qb6 39. Qxb6+ (39. Kxh2 $143 Qxc5 40. dxc5 fxe6
$18) 39... Kxb6 40. exf7 $18) 36. Kxg2 Qxe2+ 37. Bf2 fxe6 38. Qxa5 Qe4+ 39. Kh3
Kc8 $18) 33... Rhg8 (33... Rhf8 34. Bg5 $18) 34. Rg5 (34. e6 Qxe6 35. Bf4+ Ka7
36. Rxa5+ Kb6 37. Qxe6 fxe6 $18) 34... Rh8 $2 (34... Ka8 $142 $5 $16) 35. Bf4
Ka8 36. Rg7 (36. e6 fxe6 37. Qe5 c5 38. dxc5 Qa4 $18) 36... Rhf8 (36... Rdf8
37. Qe7 $18) 37. Qe7 a4 $4 (37... Rde8 38. Qd6 Qa1 $18) 38. Qc5 Qd5 39. Qb4 Qe4
(39... b5 40. Bf3 Qc4 41. Qa5+ Kb7 $18) 40. Qxa4+ (40. Rg4 $142 Rfe8 41. Qa5+
Kb8 $18) 40... Kb8 41. Rg4 Kc8 (41... Qf5 42. d5 $1 Rxd5 43. e6+ Re5 44. Rg5
Qxg5 45. Bxg5 Rxg5 46. Qf4+ Ka7 47. e7 $18) 42. Bh6 (42. Bh6 Qf5+ 43. Rf4 $18)
1-0

[Event "China-Meisterschaft"]
[Site "Wuxi"]
[Date "2006.06.29"]
[Round "5"]
[White "Ni Hua"]
[Black "Zhang Pengxiang"]
[Result "1-0"]
[WhiteElo "2607"]
[BlackElo "2623"]
[PlyCount "81"]
[EventDate "2006.??.??"]

1. e4 e6 2. d4 d5 3. Nc3 Bb4 4. e5 c5 5. a3 {
C17: Französische Verteidigung (Nimzowitsch-Variante)} Ba5 6. b4 cxd4 7. Nb5
Bc7 8. f4 Bd7 9. Nf3 Nh6 10. Bd3 $146 (10. Bb2 Bxb5 11. Bxb5+ Nd7 12. Bd3 Nb6
13. Qe2 a6 14. Bxd4 Na4 15. O-O Bb6 16. Kh1 Bxd4 17. Nxd4 Qb6 18. Nb3 O-O 19.
Qh5 Rac8 20. Rf3 Nb2 21. Rg3 Nxd3 22. Rxg7+ {
1/2-1/2 Schmittdiel,E (2450)-Vaganian,R (2640)/1997}) 10... Bxb5 11. Bxb5+ Nd7
12. Nxd4 (12. Qxd4 $143 Bb6 13. Qd1 a6 14. Bxd7+ Qxd7 $17 (14... Kxd7 $143 15.
c4 $14)) 12... Bb6 13. Be3 O-O 14. O-O Rc8 15. Kh1 Nb8 16. a4 a6 17. Bd3 Nc6
18. Nxc6 Rxc6 19. b5 axb5 20. axb5 Rc8 21. Bxb6 Qxb6 22. g4 Kh8 23. Qf3 Ng8 24.
f5 Qd4 25. Rae1 exf5 (25... Nh6 $5 26. fxe6 fxe6 (26... Nxg4 $4 27. exf7 Nxe5
28. Qf5 $18) 27. Qxf8+ Rxf8 28. Rxf8+ Ng8 $18) 26. gxf5 f6 27. e6 Ne7 28. Rg1
Qh4 $2 (28... Rg8 $142 $5 $16) 29. Rg3 $18 Rc4 30. Bxc4 Qxc4 31. Qg4 (31. Qd3
$5 Qf4 $18) 31... Qxg4 32. Rxg4 Nxf5 33. c4 d4 34. c5 Kg8 (34... h5 35. Rge4
Re8 $18) 35. Rf4 g6 (35... Ne3 36. c6 bxc6 37. bxc6 $18) 36. Rxf5 $1 gxf5 37.
Rg1+ Kh8 38. c6 bxc6 39. bxc6 Rc8 40. e7 d3 41. c7 (41. c7 d2 42. Rd1 $18) (41.
Rd1 Kg7 42. Rxd3 Kf7 $18) 1-0

[Event "34. World Open"]
[Site "Philadelphia "]
[Date "2006.06.28"]
[Round "1"]
[White "Shabalov, A."]
[Black "Abrahamyan, T."]
[Result "0-1"]
[WhiteElo "2605"]
[BlackElo "2262"]
[PlyCount "78"]
[EventDate "2006.06.28"]
[EventType "swiss"]
[EventRounds "9"]
[EventCountry "USA"]

1. e4 e6 2. d4 d5 3. e5 {C02: Französische Verteidigung (Vorstossvariante)} c5
4. c3 Nc6 5. Nf3 Qb6 6. a3 Nh6 7. b4 cxd4 8. cxd4 Nf5 9. Bb2 Bd7 10. Ra2 $146 (
10. g4 Nh6 (10... Nfe7 11. Nc3 Na5 (11... h5 12. g5 Ng6 13. Na4 Qd8 14. Rc1 Be7
15. Rg1 O-O 16. h4 a5 17. b5 Na7 18. Qb3 Nc8 19. Bc3 Nxh4 20. Nxh4 Bxg5 21. Qd1
Bxc1 22. Qxh5 Be8 23. Bd3 f5 {
Peng Xiaomin (2624)-Kortschnoj,V (2659)/Calcutta 2000/1/2-1/2}) 12. Nd2 Rc8 13.
Rc1 (13. Qc2 Qxd4 14. Nb5 Qb6 15. bxa5 Qxb5 16. Qxc8+ Nxc8 17. Bxb5 Bxb5 18.
Rc1 Ne7 19. Nb3 Bc4 20. Nd2 Ba6 21. f4 Ng6 22. Bd4 Nxf4 23. Rc7 Be7 24. Nb3 Bd8
25. Rc2 h5 26. Kf2 Nd3+ 27. Kg2 hxg4 {
Schneider,I (2376)-Nakamura,H (2644)/San Diego 2006/0-1}) 13... Ng6 14. h4 Be7
15. g5 O-O 16. Ne2 Rfd8 17. h5 Nf8 18. Rg1 Rxc1 19. Nxc1 Nc6 20. Rg4 Rc8 21.
Ncb3 Nd8 22. Nc5 Bb5 23. Rg3 Bxf1 24. Kxf1 a5 25. Bc3 {
Shirov,A (2710)-Gurevich,M (2652)/Khanty Mansyisk 2005/0-1}) 11. Rg1 f6 12.
exf6 gxf6 13. Nc3 Nf7 14. Na4 Qc7 15. Rc1 Qf4 16. Nc5 Bxc5 17. dxc5 Nce5 18.
Nxe5 Nxe5 19. Rg3 a6 20. Be2 Bb5 21. Qd4 Qxd4 22. Bxd4 Rf8 23. g5 Bxe2 24. Kxe2
Nd7 {Short,N (2675)-Lputian,S (2625)/Batumi 1999/1/2-1/2}) (10. h4 $5 $11)
10... Rc8 $17 11. Ba1 Be7 12. Be2 h5 13. O-O g5 14. Rd2 g4 15. Ne1 Bg5 16. b5
Na5 (16... Bxd2 $6 17. bxc6 Rxc6 18. Nxd2 Nxd4 19. Bd3 $15) 17. Rc2 Rxc2 18.
Nxc2 Bxb5 19. Nc3 Bd7 (19... Bxe2 $142 $5 20. Qxe2 Qc6 $19) 20. Bd3 $15 Nh4 (
20... Nxd4 $143 21. Nxd4 Be7 22. Ncb5 $18) 21. Qe2 a6 22. Rb1 Qd8 23. Ne3 Rg8
24. Kh1 b5 25. a4 bxa4 26. Bxa6 Nb3 (26... Kf8 27. Nc2 $15) 27. Qd3 (27. Nxa4
$5 Bxa4 28. Bb5+ Bxb5 29. Qxb5+ Kf8 30. Qxb3 $11) 27... Qa5 28. Ne2 Nxa1 29.
Rxa1 Bxe3 (29... Ng6 $5 $17) 30. fxe3 $15 Nf5 31. Nc3 {
Der isolierte Bauer a4 gerät unter Druck} Ke7 32. e4 dxe4 33. Nxe4 Bc6 (33...
Rb8 $142 34. Nf6 Bc6 $17) 34. Rc1 $4 (34. Qa3+ $142 Kd8 35. Nf6 Qxa6 36. Nxg8
$11) 34... Bxe4 $19 35. Qxe4 Qxa6 36. d5 Rc8 37. d6+ (37. Qb4+ Kd7 38. Rd1 a3
$19) 37... Kd8 38. Rd1 Qc4 39. Qe1 Qc3 (39... Qc3 40. Qe4 Qc2 $19) 0-1